[Event "Campeonato de Europa 2011 Femenino"]
[Site "Tbilisi GEO"]
[Date "2011.05.12"]
[Round "6.12"]
[White "Muzychuk, Mariya"]
[Black "Foisor, Cristina-Adela"]
[Result "1/2-1/2"]
[WhiteElo "2473"]
[BlackElo "2414"]
[PlyCount "107"]
[EventDate "2011.05.07"]
[EventType "swiss"]
[EventRounds "11"]
[EventCountry "GEO"]
[Source "lmi"]
[SourceDate "2011.05.07"]

1. e4 g6 2. d4 c6 3. Nc3 d5 4. h3 Bg7 5. Nf3 Nh6 6. Bf4 dxe4 7. Nxe4 Qa5+ 8.
Bd2 Qb6 9. Qc1 Nf5 10. c3 O-O 11. Bd3 Nd7 12. O-O c5 13. dxc5 Nxc5 14. Nxc5
Qxc5 15. Re1 e5 16. Qc2 Bd7 17. Rad1 Qc7 18. Be4 Rfe8 19. Bc1 h6 20. Qb3 Bc6
21. Bxc6 Qxc6 22. Qd5 Qxd5 23. Rxd5 e4 24. Nd2 e3 25. fxe3 Nxe3 26. Rd7 Nf5 27.
Rxe8+ Rxe8 28. Nf3 Bf8 29. b4 Bg7 30. Bd2 Re7 31. Rd8+ Kh7 32. c4 Ng3 33. c5 f5
34. Rd3 Ne4 35. Bf4 a6 36. h4 Nc3 37. Bd2 Ne4 38. Be3 Bf6 39. a3 g5 40. hxg5
hxg5 41. Nd2 f4 42. Nxe4 Rxe4 43. Bf2 Kg6 44. Kf1 g4 45. g3 fxg3 46. Bxg3 Re7
47. Rd6 Kf5 48. Kf2 Bb2 49. Rd3 Re4 50. Rd5+ Ke6 51. Rd6+ Kf5 52. Rd5+ Ke6 53.
Rd6+ Kf5 54. Rd5+ 1/2-1/2

[Event "Campeonato de Europa 2011 Femenino"]
[Site "Tbilisi GEO"]
[Date "2011.05.12"]
[Round "6.13"]
[White "Arakhamia-Grant, Ketevan"]
[Black "Ovod, Evgenija"]
[Result "1/2-1/2"]
[WhiteElo "2462"]
[BlackElo "2404"]
[PlyCount "128"]
[EventDate "2011.05.07"]
[EventType "swiss"]
[EventRounds "11"]
[EventCountry "GEO"]
[Source "lmi"]
[SourceDate "2011.05.07"]

1. e4 e5 2. Nf3 Nc6 3. Bb5 Nf6 4. d3 Bc5 5. c3 O-O 6. O-O Re8 7. Nbd2 a6 8. Bc4
d6 9. b4 Ba7 10. Bb3 h6 11. Re1 d5 12. exd5 Nxd5 13. Ne4 Bf5 14. Bxh6 Bxe4 15.
dxe4 Nxc3 16. Qxd8 Raxd8 17. Bg5 Rd6 18. Rac1 Nb5 19. a4 Nbd4 20. Nxd4 Nxd4 21.
Ba2 Rc6 22. Kf1 Kf8 23. Be3 Rxc1 24. Rxc1 c6 25. g3 f6 26. h4 Ke7 27. Rd1 Rd8
28. Kg2 Nc2 29. Rxd8 Nxe3+ 30. fxe3 Kxd8 31. Kf3 b5 32. axb5 axb5 33. Ke2 Ke7
34. Kd3 Kd6 35. Bf7 c5 36. bxc5+ Kxc5 37. g4 Bb6 38. g5 fxg5 39. hxg5 Bd8 40.
g6 Bh4 41. Be8 b4 42. Bf7 Be1 43. Ke2 Bc3 44. Kd3 Kb5 45. Bb3 Kc6 46. Bf7 Kd6
47. Ke2 Ke7 48. Kf2 Kf6 49. Ke2 Kg5 50. Kf2 Kg4 51. Be6+ Kh4 52. Kf3 Kh5 53.
Bf7 Kg5 54. Kf2 b3 55. Bxb3 Kxg6 56. Kf3 Kg5 57. Be6 Kh4 58. Bc8 Ba5 59. Be6
Bb6 60. Bc8 g5 61. Be6 Bc5 62. Bc8 g4+ 63. Bxg4 Bxe3 64. Bc8 Bd4 1/2-1/2

[Event "Campeonato de Europa 2011 Femenino"]
[Site "Tbilisi GEO"]
[Date "2011.05.12"]
[Round "6.14"]
[White "Hoang Thanh Trang"]
[Black "Milliet, Sophie"]
[Result "1-0"]
[WhiteElo "2456"]
[BlackElo "2388"]
[PlyCount "71"]
[EventDate "2011.05.07"]
[EventType "swiss"]
[EventRounds "11"]
[EventCountry "GEO"]
[Source "lmi"]
[SourceDate "2011.05.07"]

1. d4 Nf6 2. Bf4 e6 3. e3 c5 4. Nf3 Be7 5. h3 b6 6. Nc3 O-O 7. Nb5 Nd5 8. Bxb8
Rxb8 9. Nxa7 cxd4 10. Nxd4 Bb4+ 11. c3 Nxc3 12. bxc3 Bxc3+ 13. Ke2 Ba6+ 14. Kf3
Qf6+ 15. Kg3 Qe5+ 16. f4 Qxe3+ 17. Nf3 Bxf1 18. Rxf1 Bxa1 19. Qxa1 Ra8 20. Nb5
Ra4 21. Qe5 Qd3 22. Rf2 Re4 23. Qb2 d5 24. Nd6 Ra4 25. Qxb6 Qg6+ 26. Kh2 h5 27.
Ne5 Qf6 28. Nd7 Qd8 29. Qb7 h4 30. Kh1 Qe7 31. Nc8 Qa3 32. Nxf8 Qc1+ 33. Kh2
Rxf4 34. Ne7+ Kxf8 35. Ng6+ fxg6 36. Qb8+ 1-0

[Event "Campeonato de Europa 2011 Femenino"]
[Site "Tbilisi GEO"]
[Date "2011.05.12"]
[Round "6.15"]
[White "Kosintseva, Nadezhda"]
[Black "Krivec, Jana"]
[Result "1-0"]
[WhiteElo "2567"]
[BlackElo "2296"]
[PlyCount "122"]
[EventDate "2011.05.07"]
[EventType "swiss"]
[EventRounds "11"]
[EventCountry "GEO"]
[Source "lmi"]
[SourceDate "2011.05.07"]

1. e4 e5 2. Nf3 Nc6 3. Bb5 a6 4. Ba4 d6 5. O-O Bd7 6. c3 g6 7. d4 Bg7 8. Re1 b5
9. Bb3 Nf6 10. Nbd2 O-O 11. h3 Re8 12. a3 Na5 13. Ba2 c5 14. b4 cxb4 15. axb4
Nc6 16. d5 Ne7 17. Nb3 Nh5 18. Na5 h6 19. c4 bxc4 20. Bxc4 f5 21. Nc6 Qc8 22.
Nxe7+ Rxe7 23. Bf1 Nf6 24. exf5 gxf5 25. Ba3 Bb5 26. Nd4 Bxf1 27. Kxf1 Rb7 28.
Nc6 Qd7 29. Qf3 Rb5 30. Qxf5 Qxf5 31. Ne7+ Kf7 32. Nxf5 Bf8 33. Rac1 Ra7 34.
Rc6 Rxd5 35. Bc1 Kg6 36. g4 h5 37. Nh4+ Kf7 38. g5 Nd7 39. Nf5 Kg6 40. Ne3 Rd3
41. Nc4 Kf5 42. Ke2 e4 43. Rg1 Ne5 44. Nxe5 Kxe5 45. g6 Rxh3 46. Be3 Rb7 47.
Rb1 a5 48. b5 d5 49. Rg1 Rf3 50. Rg5+ Rf5 51. Bd4+ Kf4 52. Rxf5+ Kxf5 53. Rf6+
Kg5 54. Rxf8 Kxg6 55. b6 h4 56. Ra8 h3 57. Kf1 Kf5 58. Kg1 Ke6 59. Rxa5 Kd6 60.
Ra7 Rb8 61. Rh7 Kc6 1-0

[Event "Campeonato de Europa 2011 Femenino"]
[Site "Tbilisi GEO"]
[Date "2011.05.12"]
[Round "6.17"]
[White "Gvetadze, Sopio"]
[Black "Melia, Salome"]
[Result "0-1"]
[WhiteElo "2330"]
[BlackElo "2444"]
[PlyCount "132"]
[EventDate "2011.05.07"]
[EventType "swiss"]
[EventRounds "11"]
[EventCountry "GEO"]
[Source "lmi"]
[SourceDate "2011.05.07"]

1. e4 c5 2. Nf3 d6 3. d4 cxd4 4. Nxd4 Nf6 5. Nc3 g6 6. Be3 Bg7 7. f3 Nbd7 8.
Qd2 a6 9. Bh6 Bxh6 10. Qxh6 b5 11. O-O-O Bb7 12. h4 Qa5 13. h5 Rg8 14. hxg6
hxg6 15. Kb1 Ne5 16. Qg5 Rc8 17. Bd3 b4 18. Nce2 Nc4 19. Qxa5 Nxa5 20. g4 e5
21. Nb3 Nxb3 22. axb3 Ke7 23. Ng3 Rh8 24. Bc4 a5 25. Bd3 Nh7 26. Nf1 Ng5 27.
Nd2 Bc6 28. Be2 Rhd8 29. Bc4 Ra8 30. Rhf1 Nh3 31. Rfe1 Ra7 32. Nf1 Ng5 33. Rd3
Rh8 34. Red1 Rd7 35. Nd2 Rh3 36. Rf1 Rd8 37. f4 exf4 38. Rxf4 Rdh8 39. Ka2 R8h4
40. Nf3 Rxf3 41. Rdxf3 Nxf3 42. Rxf7+ Kd8 43. Rxf3 Bxe4 44. Rf8+ Kc7 45. Rf7+
Kb6 46. Rd7 Kc6 47. Ra7 d5 48. Bd3 Bxd3 49. cxd3 Kb6 50. Rg7 Rxg4 51. d4 Kc6
52. Kb1 Kd6 53. Kc2 Ke6 54. Kd3 Rg2 55. Rg8 Rxb2 56. Rxg6+ Kf5 57. Rh6 Rxb3+
58. Kd2 a4 59. Rh5+ Ke6 60. Rh6+ Kd7 61. Ra6 a3 62. Ra5 Kc6 63. Rc5+ Kb6 64.
Kc2 a2 65. Kxb3 a1=Q 66. Rxd5 Qa3+ 0-1

[Event "Campeonato de Europa 2011 Femenino"]
[Site "Tbilisi GEO"]
[Date "2011.05.12"]
[Round "6.18"]
[White "Kachiani-Gersinska, Ketino"]
[Black "Zawadzka, Jolanta"]
[Result "0-1"]
[WhiteElo "2309"]
[BlackElo "2400"]
[PlyCount "128"]
[EventDate "2011.05.07"]
[EventType "swiss"]
[EventRounds "11"]
[EventCountry "GEO"]
[Source "lmi"]
[SourceDate "2011.05.07"]

1. c4 Nf6 2. Nc3 g6 3. e4 d6 4. d4 Bg7 5. Be2 O-O 6. Bg5 a6 7. h4 Nbd7 8. h5 c5
9. hxg6 fxg6 10. d5 b5 11. cxb5 axb5 12. Bxb5 Nxe4 13. Nxe4 Qa5+ 14. Nc3 Bxc3+
15. bxc3 Qxb5 16. Qe2 Qxe2+ 17. Nxe2 Ba6 18. Rh3 Nb6 19. Nf4 Rf5 20. Bh6 Bc4
21. g4 Re5+ 22. Re3 Rxe3+ 23. fxe3 Nxd5 24. Nxd5 Bxd5 25. Kd2 Bf3 26. g5 Be4
27. a4 Kf7 28. a5 Ke6 29. a6 Ra7 30. c4 Kd7 31. Bf8 Ke8 32. Bg7 Bf5 33. Bh6 Bc8
34. Kc3 Rxa6 35. Rxa6 Bxa6 36. Kb3 Kf7 37. Kc3 e6 38. Kb3 d5 39. cxd5 exd5 40.
Kc3 Bc8 41. Kd2 Bf5 42. Kc3 Be4 43. Kd2 Ke6 44. Bf8 c4 45. Bb4 Kf5 46. Be7 Kg4
47. Bf6 Kh5 48. Kc3 h6 49. gxh6 Kxh6 50. Kd2 Kh5 51. Ke2 Kg4 52. Kf2 Kf5 53.
Bd4 g5 54. Ke2 g4 55. Kf2 Bf3 56. Bh8 Ke4 57. Bg7 Kd3 58. Be5 c3 59. Ke1 g3 60.
e4 c2 61. Bb2 Bxe4 62. Bc1 g2 63. Kf2 g1=Q+ 64. Kxg1 Ke2 0-1

[Event "Campeonato de Europa 2011 Femenino"]
[Site "Tbilisi GEO"]
[Date "2011.05.12"]
[Round "6.19"]
[White "Khurtsilava, Inga"]
[Black "Batsiashvili, Nino"]
[Result "1/2-1/2"]
[WhiteElo "2286"]
[BlackElo "2399"]
[PlyCount "62"]
[EventDate "2011.05.07"]
[EventType "swiss"]
[EventRounds "11"]
[EventCountry "GEO"]
[Source "lmi"]
[SourceDate "2011.05.07"]

1. d4 d5 2. Nf3 Nf6 3. c4 e6 4. Bg5 h6 5. Bh4 Bb4+ 6. Nc3 dxc4 7. Qa4+ Nc6 8.
e3 Qd5 9. Bxf6 gxf6 10. Nd2 Bxc3 11. bxc3 b5 12. Qc2 Bb7 13. e4 Qd7 14. Qb2 Nd8
15. a4 a6 16. Be2 c5 17. O-O Rc8 18. axb5 axb5 19. d5 exd5 20. exd5 Bxd5 21.
Rfe1 Ne6 22. Bf3 Bxf3 23. Nxf3 Rg8 24. Qc1 Qd3 25. Qf4 Rd8 26. Ra7 Qxc3 27. Qf5
Kf8 28. Qh7 Ng5 29. Qxh6+ Rg7 30. Qh8+ Rg8 31. Qh6+ Rg7 1/2-1/2

[Event "Campeonato de Europa 2011 Femenino"]
[Site "Tbilisi GEO"]
[Date "2011.05.12"]
[Round "6.21"]
[White "Bulmaga, Irina"]
[Black "Matveeva, Svetlana"]
[Result "1/2-1/2"]
[WhiteElo "2284"]
[BlackElo "2380"]
[PlyCount "88"]
[EventDate "2011.05.07"]
[EventType "swiss"]
[EventRounds "11"]
[EventCountry "GEO"]
[Source "lmi"]
[SourceDate "2011.05.07"]

1. e4 e6 2. Qe2 c5 3. Nf3 Nc6 4. d3 Nf6 5. g3 d6 6. Bg2 Be7 7. c3 e5 8. O-O O-O
9. Na3 Ne8 10. Ne1 Be6 11. Nc4 Nc7 12. a4 Qd7 13. Nc2 f6 14. N2e3 d5 15. exd5
Nxd5 16. Nxd5 Bxd5 17. Bxd5+ Qxd5 18. Be3 Rad8 19. Rad1 Rd7 20. Rd2 Rfd8 21. f4
exf4 22. Bxf4 Bf8 23. Rdd1 Re7 24. Qf3 Qxf3 25. Rxf3 Red7 26. Kf2 b6 27. g4 Rb7
28. Re3 Kf7 29. Rde1 Rd5 30. R1e2 Rbd7 31. Rd2 g5 32. Bg3 f5 33. gxf5 Rxf5+ 34.
Kg2 h5 35. h3 Be7 36. Rde2 Rf6 37. Be5 Re6 38. Bg3 Rxe3 39. Rxe3 Kf6 40. Rf3+
Kg6 41. Re3 Kf5 42. Rf3+ Ke6 43. Re3+ Kf5 44. Rf3+ Ke6 1/2-1/2

[Event "Campeonato de Europa 2011 Femenino"]
[Site "Tbilisi GEO"]
[Date "2011.05.12"]
[Round "6.22"]
[White "Nemcova, Katerina"]
[Black "Charkhalashvili, Inga"]
[Result "1/2-1/2"]
[WhiteElo "2294"]
[BlackElo "2373"]
[PlyCount "87"]
[EventDate "2011.05.07"]
[EventType "swiss"]
[EventRounds "11"]
[EventCountry "GEO"]
[Source "lmi"]
[SourceDate "2011.05.07"]

1. e4 c6 2. d4 d5 3. Nd2 dxe4 4. Nxe4 Bf5 5. Ng3 Bg6 6. h4 h6 7. Nf3 Nd7 8. h5
Bh7 9. Bd3 Bxd3 10. Qxd3 e6 11. Bd2 Qc7 12. Ne4 Ngf6 13. O-O-O O-O-O 14. g3
Nxe4 15. Qxe4 Nf6 16. Qe2 Bd6 17. c4 c5 18. Bc3 Rhe8 19. Kb1 Qc6 20. Rh4 Rd7
21. Rc1 Red8 22. Ba5 b6 23. Bc3 Kb7 24. dxc5 bxc5 25. Nd2 Bc7 26. Ne4 Ne8 27.
Rhh1 Ka8 28. Rhe1 Rd3 29. Qc2 Bb6 30. Re2 Bc7 31. Rce1 f5 32. Nd2 e5 33. Bxe5
Ba5 34. Bc3 Bxc3 35. Rxe8 Rxe8 36. Rxe8+ Qxe8 37. Qxd3 Bxd2 38. Qd5+ Kb8 39.
Qxd2 Qe4+ 40. Qc2 Qh1+ 41. Qc1 Qxh5 42. Qf4+ Kb7 43. Kc1 Qe2 44. Qxf5 1/2-1/2

[Event "Campeonato de Europa 2011 Femenino"]
[Site "Tbilisi GEO"]
[Date "2011.05.12"]
[Round "6.23"]
[White "Rogule, Laura"]
[Black "Melashvili, Nino"]
[Result "1-0"]
[WhiteElo "2362"]
[BlackElo "2104"]
[PlyCount "80"]
[EventDate "2011.05.07"]
[EventType "swiss"]
[EventRounds "11"]
[EventCountry "GEO"]
[Source "lmi"]
[SourceDate "2011.05.07"]

1. e4 c6 2. Nc3 d5 3. Nf3 dxe4 4. Nxe4 Nd7 5. d4 Ngf6 6. Ng3 Qc7 7. Bd3 e6 8.
Qe2 Be7 9. O-O c5 10. Re1 O-O 11. c3 b6 12. Ng5 Bb7 13. Be3 h6 14. Nh3 Bd6 15.
Qd2 Ng4 16. Bf4 Bxf4 17. Nxf4 Ngf6 18. Nfe2 Rad8 19. Rad1 cxd4 20. Nxd4 Nc5 21.
Qc2 Nxd3 22. Rxd3 Qc4 23. b3 Qd5 24. f4 Qc5 25. Kh1 Nd5 26. Ne4 Qc7 27. Rg3
Qxf4 28. Rf3 Qh4 29. Rg3 Nf6 30. Nf2 Nh5 31. Rg4 Qf6 32. Nd3 Rfe8 33. Ne5 Nf4
34. Qf2 Nd5 35. Qg3 Kh7 36. Kg1 g5 37. Rf1 Nf4 38. Rfxf4 gxf4 39. Rxf4 Qg5 40.
Rxf7+ Kg8 1-0

[Event "Campeonato de Europa 2011 Femenino"]
[Site "Tbilisi GEO"]
[Date "2011.05.12"]
[Round "6.24"]
[White "Kazimova, Narmin Nizami qizi"]
[Black "Kovanova, Baira"]
[Result "1-0"]
[WhiteElo "2262"]
[BlackElo "2361"]
[PlyCount "65"]
[EventDate "2011.05.07"]
[EventType "swiss"]
[EventRounds "11"]
[EventCountry "GEO"]
[Source "lmi"]
[SourceDate "2011.05.07"]

1. Nf3 Nf6 2. c4 b6 3. Nc3 Bb7 4. g3 c5 5. Bg2 g6 6. O-O Bg7 7. Re1 d5 8. d4
dxc4 9. Qa4+ Nbd7 10. dxc5 O-O 11. c6 Nc5 12. cxb7 Nxa4 13. bxa8=Q Qxa8 14.
Nxa4 Nd5 15. Bd2 Qe8 16. Nc3 Nb4 17. Rac1 b5 18. a3 Na6 19. Be3 Qb8 20. Nd4
Bxd4 21. Bxd4 e5 22. Be3 Nc7 23. Red1 Ne6 24. Nd5 Kg7 25. Nb4 Qc7 26. Nc6 a6
27. Rd2 f5 28. Rcd1 Rf7 29. Bd5 f4 30. Ba7 Rd7 31. Bb8 Qb6 32. Bxe5+ Kf8 33.
Bg2 1-0

[Event "Campeonato de Europa 2011 Femenino"]
[Site "Tbilisi GEO"]
[Date "2011.05.12"]
[Round "6.26"]
[White "Mikadze, Miranda"]
[Black "Foisor, Mihaela-Veronica"]
[Result "1-0"]
[WhiteElo "2351"]
[BlackElo "2220"]
[PlyCount "59"]
[EventDate "2011.05.07"]
[EventType "swiss"]
[EventRounds "11"]
[EventCountry "GEO"]
[Source "lmi"]
[SourceDate "2011.05.07"]

1. e4 e6 2. d4 d5 3. Nc3 Nf6 4. Bg5 Bb4 5. exd5 Qxd5 6. Bxf6 gxf6 7. Qd2 Qa5 8.
Nge2 Nd7 9. g3 Nb6 10. Bg2 c6 11. O-O Nd5 12. Qh6 Nxc3 13. bxc3 Be7 14. Qg7 Rf8
15. Qxh7 f5 16. Rfb1 Qa4 17. Rb3 b6 18. Nf4 Bd7 19. Qg7 Rc8 20. Nd3 Bd6 21. Nb2
Qa6 22. Bf1 Qb7 23. Nc4 Qc7 24. Re1 b5 25. Ne3 Be7 26. c4 Qa5 27. Rd1 a6 28. d5
cxd5 29. cxd5 Qxa2 30. Ra1 1-0

[Event "Campeonato de Europa 2011 Femenino"]
[Site "Tbilisi GEO"]
[Date "2011.05.12"]
[Round "6.27"]
[White "Pogonina, Natalija"]
[Black "Yildiz, Betul Cemre"]
[Result "1/2-1/2"]
[WhiteElo "2448"]
[BlackElo "2219"]
[PlyCount "133"]
[EventDate "2011.05.07"]
[EventType "swiss"]
[EventRounds "11"]
[EventCountry "GEO"]
[Source "lmi"]
[SourceDate "2011.05.07"]

1. e4 e5 2. Nf3 Nc6 3. Bb5 a6 4. Ba4 d6 5. O-O Bd7 6. Re1 g6 7. d4 Bg7 8. dxe5
Nxe5 9. Bb3 Bg4 10. Nbd2 Qf6 11. h3 Nxf3+ 12. Nxf3 Bxf3 13. Qxf3 Qxf3 14. gxf3
Ne7 15. c3 O-O 16. Bg5 Nc6 17. Bd5 Kh8 18. Rad1 f5 19. exf5 Rxf5 20. Bc1 Raf8
21. Kg2 Be5 22. Bh6 Bg7 23. Bc1 Be5 24. Rd3 Kg7 25. Re4 Nd8 26. Bb3 Nc6 27. Be6
R5f6 28. Bd5 Bf4 29. Bxf4 Rxf4 30. Rde3 R8f5 31. Rxf4 Rxf4 32. Kg3 Rf5 33. Bxc6
bxc6 34. Re7+ Rf7 35. Re4 Rf5 36. Rc4 Rb5 37. Rxc6 Rxb2 38. Rxc7+ Kh6 39. a4
Ra2 40. Rc4 Ra3 41. h4 d5 42. Rd4 Kg7 43. Rxd5 Rxa4 44. Rc5 Ra1 45. f4 a5 46.
f5 a4 47. Kf4 a3 48. Ra5 a2 49. Ra7+ Kf6 50. Ra6+ Kg7 51. Ra5 Rc1 52. Rxa2 Rxc3
53. Ra7+ Kf6 54. Rxh7 Rc4+ 55. Kg3 Kxf5 56. Rf7+ Ke6 57. Rf8 Ra4 58. Rf4 Ra5
59. Kg4 Rb5 60. Rf8 Ra5 61. f4 Rb5 62. Rc8 Kf6 63. Rc6+ Kf7 64. Rd6 Ra5 65. Kf3
Rh5 66. Kg4 Ra5 67. Rd4 1/2-1/2

[Event "Campeonato de Europa 2011 Femenino"]
[Site "Tbilisi GEO"]
[Date "2011.05.12"]
[Round "6.28"]
[White "Lomineishvili, Maia"]
[Black "Semenova, Elena"]
[Result "1-0"]
[WhiteElo "2376"]
[BlackElo "2188"]
[PlyCount "93"]
[EventDate "2011.05.07"]
[EventType "swiss"]
[EventRounds "11"]
[EventCountry "GEO"]
[Source "lmi"]
[SourceDate "2011.05.07"]

1. d4 d5 2. c4 e6 3. Nc3 Nf6 4. cxd5 exd5 5. Bg5 Be7 6. e3 c6 7. Bd3 Nbd7 8.
Qc2 Nh5 9. Bxe7 Qxe7 10. O-O-O Nb6 11. h3 g6 12. g4 Ng7 13. Nge2 Bd7 14. Na4
Nxa4 15. Qxa4 O-O 16. Kb1 Ne8 17. Qc2 Rc8 18. Nf4 Nd6 19. Rdg1 Be6 20. h4 c5
21. dxc5 Ne4 22. f3 Nxc5 23. h5 Nxd3 24. Qxd3 g5 25. Ne2 h6 26. Nd4 Rfe8 27.
Rc1 Bd7 28. Rxc8 Rxc8 29. Rc1 Re8 30. Rc3 Qe5 31. a3 Qd6 32. Qc2 Re7 33. Qb3 a6
34. Ka2 Be6 35. Qb4 Qxb4 36. axb4 Kf8 37. b5 axb5 38. Kb3 Ke8 39. Kb4 Kd8 40.
Kxb5 Bc8 41. Kc5 Be6 42. Kb6 Bc8 43. b4 Re5 44. b5 Re7 45. Ka7 Be6 46. b6 Ke8
47. Kb8 1-0

[Event "Campeonato de Europa 2011 Femenino"]
[Site "Tbilisi GEO"]
[Date "2011.05.12"]
[Round "6.29"]
[White "Mamedjarova, Zeinab"]
[Black "Abdulla, Khayala Mardan qizi"]
[Result "0-1"]
[WhiteElo "2342"]
[BlackElo "2168"]
[PlyCount "54"]
[EventDate "2011.05.07"]
[EventType "swiss"]
[EventRounds "11"]
[EventCountry "GEO"]
[Source "lmi"]
[SourceDate "2011.05.07"]

1. d4 Nf6 2. c4 e6 3. Nf3 b6 4. g3 Ba6 5. Nbd2 Bb7 6. Bg2 c5 7. e4 cxd4 8. e5
Ng8 9. O-O d6 10. Re1 dxe5 11. Nxe5 Bxg2 12. Kxg2 Nd7 13. Qa4 Ngf6 14. Ne4 Be7
15. Bf4 Qc8 16. Rad1 O-O 17. Nc6 Re8 18. Nxe7+ Rxe7 19. Nd6 Qf8 20. b4 e5 21.
Bg5 Re6 22. Nf5 Qc8 23. Qb3 Qc6+ 24. Kf1 Rae8 25. Qd3 g6 26. Nh6+ Kg7 27. g4
Nf8 0-1

[Event "Campeonato de Europa 2011 Femenino"]
[Site "Tbilisi GEO"]
[Date "2011.05.12"]
[Round "6.31"]
[White "Gavasheli, Ana"]
[Black "Mamedjarova, Turkan"]
[Result "1-0"]
[WhiteElo "2160"]
[BlackElo "2322"]
[PlyCount "49"]
[EventDate "2011.05.07"]
[EventType "swiss"]
[EventRounds "11"]
[EventCountry "GEO"]
[Source "lmi"]
[SourceDate "2011.05.07"]

1. d4 d5 2. c4 e6 3. Nc3 c6 4. e4 dxe4 5. Nxe4 Bb4+ 6. Bd2 Qxd4 7. Bxb4 Qxe4+
8. Be2 Na6 9. Bc3 f6 10. Qd6 Nh6 11. O-O-O Nf7 12. Qa3 e5 13. f3 Qe3+ 14. Rd2
Bf5 15. g4 Bg6 16. h4 h6 17. Nh3 Rd8 18. Rhd1 Rxd2 19. Rxd2 h5 20. g5 Bf5 21.
Bf1 Qe1+ 22. Rd1 Qxh4 23. Be1 Qxh3 24. Bxh3 Bxh3 25. g6 1-0

[Event "Campeonato de Europa 2011 Femenino"]
[Site "Tbilisi GEO"]
[Date "2011.05.12"]
[Round "6.32"]
[White "Charochkina, Daria"]
[Black "Cherednichenko, Elena"]
[Result "1-0"]
[WhiteElo "2320"]
[BlackElo "2147"]
[PlyCount "73"]
[EventDate "2011.05.07"]
[EventType "swiss"]
[EventRounds "11"]
[EventCountry "GEO"]
[Source "lmi"]
[SourceDate "2011.05.07"]

1. d4 Nf6 2. c4 e6 3. Nc3 Bb4 4. Qc2 Nc6 5. Nf3 d6 6. Bd2 O-O 7. a3 Bxc3 8.
Bxc3 Qe7 9. e3 a5 10. b3 e5 11. d5 Nb8 12. Be2 Nbd7 13. O-O Ne8 14. b4 b6 15.
Ne1 axb4 16. axb4 Rb8 17. Ra7 f5 18. Nd3 Bb7 19. f3 Qg5 20. f4 Qh6 21. Bd2 g6
22. fxe5 dxe5 23. e4 f4 24. c5 Ndf6 25. Bc3 Qg5 26. Ne1 f3 27. Rxf3 Bc8 28. Rg3
Qf4 29. Ra1 bxc5 30. bxc5 Qh6 31. Bxe5 Nh5 32. Bc4 Nd6 33. cxd6 Nxg3 34. Bxg3
Qe3+ 35. Kh1 Rb4 36. dxc7 Qd4 37. Rd1 1-0

[Event "Campeonato de Europa 2011 Femenino"]
[Site "Tbilisi GEO"]
[Date "2011.05.12"]
[Round "6.33"]
[White "Zhorzholiani, Meri"]
[Black "Mammadova, Gulnar Marfat qizi"]
[Result "1/2-1/2"]
[WhiteElo "2136"]
[BlackElo "2312"]
[PlyCount "119"]
[EventDate "2011.05.07"]
[EventType "swiss"]
[EventRounds "11"]
[EventCountry "GEO"]
[Source "lmi"]
[SourceDate "2011.05.07"]

1. c4 e5 2. Nc3 Nc6 3. g3 g6 4. Bg2 Bg7 5. Rb1 f5 6. d3 Nf6 7. Nf3 d6 8. O-O
O-O 9. b4 h6 10. e3 Be6 11. Nd2 Qc8 12. Nd5 Kh7 13. Qc2 Nd8 14. Bb2 Nh5 15. f4
c6 16. Nc3 Qd7 17. Ne2 Nf7 18. e4 fxe4 19. dxe4 Bg4 20. Nb3 exf4 21. Bxg7 Kxg7
22. gxf4 Rae8 23. Ng3 Nf6 24. c5 d5 25. e5 Nh5 26. Nd4 Nd8 27. Nxh5+ Bxh5 28.
Qc3 Ne6 29. f5 Nxd4 30. Qxd4 Kh7 31. e6 Qe7 32. fxg6+ Bxg6 33. Rxf8 Qxf8 34.
Re1 Qg7 35. Qg4 Bd3 36. Qxg7+ Kxg7 37. Bh3 Kf6 38. Re3 Be4 39. Kf2 Ke5 40. Rg3
Re7 41. Rg8 Bf5 42. Bxf5 Kxf5 43. Rd8 Rxe6 44. Rd7 b6 45. Rxa7 bxc5 46. bxc5
Ke4 47. Rd7 Rf6+ 48. Ke2 Rg6 49. Kf2 Rf6+ 50. Ke2 Rf8 51. Rd6 Ra8 52. Rxc6
Rxa2+ 53. Ke1 Rxh2 54. Re6+ Kf5 55. Rd6 Ke5 56. Rg6 Rc2 57. Rxh6 Rxc5 58. Kd2
Ra5 59. Rh5+ Kd4 60. Rh4+ 1/2-1/2

[Event "Campeonato de Europa 2011 Femenino"]
[Site "Tbilisi GEO"]
[Date "2011.05.12"]
[Round "6.34"]
[White "Manakova, Maria"]
[Black "Makka, Ioulia"]
[Result "1-0"]
[WhiteElo "2303"]
[BlackElo "2101"]
[PlyCount "121"]
[EventDate "2011.05.07"]
[EventType "swiss"]
[EventRounds "11"]
[EventCountry "GEO"]
[Source "lmi"]
[SourceDate "2011.05.07"]

1. e4 c6 2. d4 d5 3. exd5 cxd5 4. c4 Nf6 5. Nc3 e6 6. Nf3 Bb4 7. cxd5 Nxd5 8.
Bd2 Nc6 9. Bd3 Be7 10. O-O O-O 11. a3 Nf6 12. Bg5 a6 13. Bc2 h6 14. Bh4 Nh5 15.
Qd3 g6 16. Bxe7 Nxe7 17. Qe3 Kh7 18. Qe5 Ng7 19. Rfd1 Bd7 20. d5 exd5 21. Nxd5
Nxd5 22. Rxd5 Qc8 23. Rc5 Qe8 24. Rc7 Ne6 25. Rxb7 Bc6 26. Rb3 Rd8 27. Be4 Ba4
28. Re3 Ng7 29. Qf4 Qb5 30. b4 f5 31. Bb1 Rd1+ 32. Ne1 Bc2 33. Bxc2 Rxa1 34.
Qd4 Rc1 35. Qb2 Rxc2 36. Nxc2 Qd5 37. h3 Rc8 38. Nd4 Rd8 39. Nf3 Rd7 40. Qf6
Qd1+ 41. Re1 Qd5 42. Qxa6 Nh5 43. Re8 Qf7 44. Qe6 Qg7 45. Ne5 Rd1+ 46. Kh2 Nf4
47. Qe7 Qxe7 48. Rxe7+ Kg8 49. g3 Nd5 50. Re6 Re1 51. Rxg6+ Kh7 52. Re6 Nc3 53.
Nd7 Rd1 54. Nc5 Rd2 55. Kg1 Nd1 56. Re7+ Kg6 57. Rd7 Rxd7 58. Nxd7 Nc3 59. Kg2
Kf7 60. Kf3 Ke6 61. Nb6 1-0

[Event "Campeonato de Europa 2011 Femenino"]
[Site "Tbilisi GEO"]
[Date "2011.05.12"]
[Round "6.35"]
[White "Fataliyeva, Ulviyya Hasil qizi"]
[Black "Guramishvili, Sopiko"]
[Result "0-1"]
[WhiteElo "2105"]
[BlackElo "2299"]
[PlyCount "86"]
[EventDate "2011.05.07"]
[EventType "swiss"]
[EventRounds "11"]
[EventCountry "GEO"]
[Source "lmi"]
[SourceDate "2011.05.07"]

1. e4 c5 2. Nf3 d6 3. d4 cxd4 4. Nxd4 Nf6 5. Nc3 Nc6 6. Be3 e5 7. Nb3 Be6 8. f3
d5 9. exd5 Nxd5 10. Nxd5 Bxd5 11. Bd3 Be7 12. O-O O-O 13. Rf2 Nb4 14. Bf1 Be6
15. Rd2 Qc7 16. c3 Na6 17. Bxa6 bxa6 18. Qe2 Bc4 19. Qf2 a5 20. Rad1 Rfd8 21.
g3 a4 22. Nc5 Bxa2 23. Nxa4 Bb3 24. Rxd8+ Bxd8 25. Ra1 Qa5 26. Qd2 Bb6 27. Kh1
Bxe3 28. Qxe3 Rc8 29. Qe4 Rb8 30. Ra3 g6 31. Kg2 Bd5 32. b4 Qb5 33. Qe3 a5 34.
bxa5 Qxa5 35. Qc5 Qxc5 36. Nxc5 Rb2+ 37. Kh3 Bxf3 38. Nd7 e4 39. Ne5 Bg2+ 40.
Kg4 e3 41. c4 e2 42. Re3 Rd2 43. Nf3 Rd3 0-1

[Event "Campeonato de Europa 2011 Femenino"]
[Site "Tbilisi GEO"]
[Date "2011.05.12"]
[Round "6.36"]
[White "Cherednichenko, Svetlana"]
[Black "Gevorgyan, Maria"]
[Result "1/2-1/2"]
[WhiteElo "2297"]
[BlackElo "2065"]
[PlyCount "27"]
[EventDate "2011.05.07"]
[EventType "swiss"]
[EventRounds "11"]
[EventCountry "GEO"]
[Source "lmi"]
[SourceDate "2011.05.07"]

1. d4 d5 2. Nf3 e6 3. e3 c6 4. c4 Bd6 5. b3 f5 6. Bd3 Nf6 7. O-O O-O 8. Ba3
Bxa3 9. Nxa3 Bd7 10. Qe1 Be8 11. Qb4 Ne4 12. Qxb7 Nd7 13. cxd5 Rb8 14. Qa6
1/2-1/2